Raga'n Josh: (Record no. 205588)

MARC details
000 -LEADER
fixed length control field 00593nam a22001937a 4500
005 - DATE AND TIME OF LATEST TRANSACTION
control field 20240905122452.0
010 ## - LCCN (DPL NO)
LC control number ENG-141653
020 ## - INTERNATIONAL STANDARD BOOK NUMBER
International Standard Book Number 9788178244631
Terms of availability 595.00
035 ## - SYSTEM CONTROL NUMBER
System control number EN-125185
037 ## - SOURCE OF ACQUISITION
Source of stock number/acquisition DBAD
082 ## - DEWEY DECIMAL CLASSIFICATION NUMBER
Classification number 780.9543
Edition number 1
100 ## - MAIN ENTRY--PERSONAL NAME
Personal name Dhar, Sheila
245 ## - TITLE STATEMENT
Title Raga'n Josh:
Remainder of title Stories From a Musical Life/
Statement of responsibility, etc By Sheila Dhar
250 ## - EDITION STATEMENT
Edition statement 1
260 ## - PUBLICATION, DISTRIBUTION, ETC. (IMPRINT)
Place of publication, distribution, etc Ranikhet
Name of publisher, distributor, etc Permanent Black
Date of publication, distribution, etc 2017
270 ## - ADDRESS
Address 'Himalyana' , Mall Road, Ranikhet Cantt
City Ranikhet
Postal code 263645
Electronic mail address perblack@gmail.com
300 ## - PHYSICAL DESCRIPTION
Extent 405p.
Dimensions 21cm.(pb)
942 ## - ADDED ENTRY ELEMENTS (KOHA)
Source of classification or shelving scheme Dewey Decimal Classification
Item type English Books
Classification part 780.9543
Call number suffix DHA
Edition 1
Holdings
Withdrawn status Lost status Not for loan Collection code Home library Current library Date acquired Source of acquisition Cost, normal purchase price Full call number Barcode Copy number Cost, replacement price Koha item type
      Non-fiction Central Library Central Library 05/09/2024 Delivery of Books Act Division 595.00 780.9543 DHA EN-125185 1 595.00 English Books

© Delhi Public Library
Hit Counter
free hit counter